[Event "Indywidualne Mistrzostwa Polski Juniorow - C16"]
[Site "Szczyrk"]
[Date "2013-03-24"]
[Round "3.1"]
[White "Karwowski, Kacper"]
[Black "Koitka, Jakub"]
[Result "1-0"]
[WhiteTitle "I"]
[BlackTitle "I+"]
[WhiteElo "1946"]
[BlackElo "2007"]

1. e4 c5 2. Nf3 Nc6 3. d4 cxd4 4. Nxd4 Nf6 5. Nc3 d6 6. Bg5 e6 7. Qd2 a6 8. O-O-O
Bd7 9. f4 b5 10. Bxf6 gxf6 11. Kb1 Qb6 12. Nxc6 Bxc6 13. f5 b4 14. Ne2 e5 15.
Ng3 h5 16. h4 Be7 17. Qe2 Qb7 18. Re1 a5 19. Nxh5 Bxe4 20. Qg4 Bd5 21. Ng7+ Kd7
22. h5 Rag8 23. h6 Bf8 24. Rh3 Bxg7 25. hxg7 Rxh3 26. gxh3 Qb6 27. Rd1 Qc6 28.
Re1 Qc5 29. Bd3 Qf2 30. Bb5+ Ke7 31. Rg1 Be4 32. Bd3 Bxd3 33. cxd3 Qe3 34. Rd1
d5 35. Qg2 Qd4 36. Qg1 Qf4 37. Qa7+ Kd6 38. Rc1 1-0

[Event "Indywidualne Mistrzostwa Polski Juniorow - C16"]
[Site "Szczyrk"]
[Date "2013-03-24"]
[Round "3.2"]
[White "Piotrowski, Przemyslaw"]
[Black "Siedlanowski, Lukasz"]
[Result "1-0"]
[WhiteTitle "I+"]
[BlackTitle "I"]
[WhiteElo "1996"]
[BlackElo "1900"]

1. Nf3 d5 2. g3 Nf6 3. Bg2 c6 4. O-O Bg4 5. d4 Nbd7 6. Ne5 Bf5 7. c4 e6 8. Nc3
Nxe5 9. dxe5 Ng4 10. cxd5 exd5 11. Qd4 Qb6 12. Qxb6 axb6 13. Bf4 f6 14. exf6 Nxf6
15. e4 Nxe4 16. Nxe4 dxe4 17. Bxe4 Be6 18. a3 b5 19. Rfe1 Kf7 20. Be5 Be7 21.
Bc2 Bf6 22. Rad1 Bxe5 23. Rxe5 g6 24. Rd6 Rhe8 25. Rexe6 Rxe6 26. Bb3 Rae8 27.
Kf1 c5 28. Bxe6+ Rxe6 29. Rd5 b6 30. Rd7+ Kg8 31. Rd3 Kf7 32. Rb3 b4 33. axb4
c4 34. Ra3 Kf6 35. Ra7 h5 36. Rc7 b5 37. Rc5 Re5 38. Rc6+ Kf5 39. h3 Ke4 40. Rd6
g5 41. Ke2 g4 42. hxg4 hxg4 43. Rf6 Kd4+ 44. Kd2 Rg5 45. Rf4+ Ke5 46. Ke3 Kd5
47. Rd4+ Ke5 48. Re4+ Kf5 49. Kd4 Kf6 50. Re8 Rh5 51. Rc8 Rh2 52. Kc5 Ke6 53.
Rf8 Rh5+ 54. Kc6 Rg5 55. Rf4 Ke7 56. Re4+ Kf7 57. Rd4 Ke6 58. Rd6+ Ke7 59. Rd5
Rg6+ 60. Kxb5 Rf6 61. Rd2 Rf5+ 62. Kxc4 Ke6 63. b5 Rf8 64. b6 1-0

[Event "Indywidualne Mistrzostwa Polski Juniorow - C16"]
[Site "Szczyrk"]
[Date "2013-03-24"]
[Round "3.3"]
[White "Chomczyk, Marek"]
[Black "Swiderski, Radoslaw"]
[Result "1/2-1/2"]
[WhiteTitle "I+"]
[BlackTitle "I+"]
[WhiteElo "1935"]
[BlackElo "1964"]

1. e4 c5 2. Nf3 d6 3. d4 cxd4 4. Nxd4 Nf6 5. Nc3 Nc6 6. Be2 g6 7. O-O Bg7 8. Be3
O-O 9. f4 Bd7 10. Bf3 Rc8 11. Qe2 Nxe4 12. Nxc6 Nxc3 13. Nxd8 Nxe2+ 14. Bxe2 Rfxd8
15. c3 a6 16. Bb6 Re8 17. Rad1 Be6 18. a3 Bc4 19. Rfe1 Bxe2 20. Rxe2 f5 21. a4
Kf7 22. a5 Rc4 23. g3 Re4 24. Rxe4 fxe4 25. Kf2 Ke6 26. Ke3 d5 27. Bd4 Bxd4+ 28.
Rxd4 Kd6 29. Rb4 Kc7 30. Kd4 Rd8 31. Ra4 Rd6 32. Ra1 e6 33. Ke5 b6 34. axb6+ Rxb6
35. b4 Rc6 36. Ra3 Kb6 37. Kd4 Rc8 38. Ke3 Ra8 39. Ra5 Rc8 40. Ra3 Kb5 41. Kd4
Rc6 42. Ra5+ Kb6 43. Ra3 Kc7 44. Ke5 Kd7 45. Ra1 Rxc3 46. Rxa6 e3 47. Rd6+ Kc7
48. Rxe6 Rd3 49. f5 gxf5 50. Kxf5 d4 51. Ke4 Rd2 52. Kf3 Rxh2 53. b5 Rb2 54. Ke4
Rd2 55. b6+ Kb7 56. Kf3 Rd1 57. Ke2 Rg1 58. Kd3 Rd1+ 59. Ke2 Rb1 60. Kd3 Rb4 61.
g4 Ka6 62. g5 Rxb6 63. Re7 h6 64. gxh6 1/2-1/2

[Event "Indywidualne Mistrzostwa Polski Juniorow - C16"]
[Site "Szczyrk"]
[Date "2013-03-24"]
[Round "3.4"]
[White "Zebracki, Tomasz"]
[Black "Gajek, Radoslaw"]
[Result "0-1"]
[WhiteTitle "I"]
[BlackTitle "k"]
[WhiteElo "1951"]
[BlackElo "2273"]

1. d4 Nf6 2. Nc3 d5 3. Bg5 g6 4. Qd3 Bg7 5. O-O-O c6 6. e4 dxe4 7. Nxe4 Nbd7 8.
Nf3 O-O 9. Ne5 Qa5 10. Bxf6 Nxf6 11. Kb1 Bf5 12. Nxf6+ Bxf6 13. Qc3 Qxc3 14. bxc3
c5 15. Bd3 Bxd3 16. Rxd3 Rfd8 17. Re1 cxd4 18. cxd4 e6 19. Red1 h5 20. f4 Kf8
21. d5 Bxe5 22. fxe5 exd5 23. Rxd5 Rxd5 24. Rxd5 Ke7 25. Kb2 Rc8 26. Kb3 Rc6 27.
Rb5 Rc7 28. c4 b6 29. Kc3 h4 30. Rd5 f6 31. Kd4 fxe5+ 32. Rxe5+ Kf6 33. c5 Rd7+
34. Rd5 bxc5+ 35. Kxc5 Rc7+ 36. Kd4 Rc2 37. Rd6+ Kg5 38. Ra6 Rxg2 39. h3 Rg3 40.
a4 Rxh3 41. a5 Ra3 42. Rxa7 h3 43. a6 h2 44. Rh7 Ra4+ 45. Kc5 Rh4 46. Rc7 h1=Q
47. Kb6 Rb4+ 0-1

[Event "Indywidualne Mistrzostwa Polski Juniorow - C16"]
[Site "Szczyrk"]
[Date "2013-03-24"]
[Round "3.5"]
[White "Jarmula, Lukasz"]
[Black "Delekta, Filip"]
[Result "1-0"]
[WhiteTitle "k"]
[BlackTitle "I+"]
[WhiteElo "2164"]
[BlackElo "1934"]

1. d4 Nf6 2. c4 c5 3. d5 b5 4. cxb5 a6 5. bxa6 g6 6. Nc3 Bg7 7. Nb1 Bf8 8. Nc3
Bg7 9. Nf3 Bxa6 10. e4 Bxf1 11. Kxf1 d6 12. g3 O-O 13. Kg2 Na6 14. Nd2 Nc7 15.
Nc4 Ra6 16. Qf3 Qa8 17. Bg5 h6 18. Bxf6 Bxf6 19. h4 Rb8 20. h5 g5 21. Ne3 Rxb2
22. Nf5 Qf8 23. Rab1 Rxb1 24. Rxb1 Ra3 25. Rb7 Rxc3 26. Qg4 Na6 27. e5 dxe5 28.
Qa4 Qc8 29. Rxe7 Nc7 30. Nxh6+ Kg7 31. Rxf7+ Kxh6 32. Qe4 1-0

[Event "Indywidualne Mistrzostwa Polski Juniorow - C16"]
[Site "Szczyrk"]
[Date "2013-03-24"]
[Round "3.6"]
[White "Kowalczyk, Mariusz"]
[Black "Kulas, Szymon"]
[Result "1/2-1/2"]
[WhiteTitle "I"]
[BlackTitle "I++"]
[WhiteElo "1940"]
[BlackElo "2088"]

1. e4 c5 2. c3 d6 3. d4 Nf6 4. Bd3 g6 5. Ne2 Bg7 6. O-O O-O 7. f3 Nc6 8. Be3 b6
9. Qd2 Bb7 10. Bh6 Ne8 11. Bxg7 Nxg7 12. Na3 e6 13. f4 Ne7 14. Rad1 a6 15. Ng3
f5 16. Bb1 Qc7 17. dxc5 Qxc5+ 18. Qd4 Rad8 19. exf5 Nexf5 20. Bxf5 Nxf5 21. Nxf5
Rxf5 22. Nc4 Rd5 23. Qxc5 bxc5 24. Ne3 Rxd1 25. Rxd1 Kf7 26. Kf2 Ke7 27. g4 Kd7
28. h4 Kc7 29. Kg3 Be4 30. g5 Rb8 31. Rd2 Bb1 32. a3 Bf5 33. Ng4 Bxg4 34. Kxg4
d5 35. h5 Kd6 36. b4 Rc8 37. hxg6 hxg6 38. Rh2 cxb4 39. axb4 Rxc3 40. Rh6 d4 41.
Rxg6 1/2-1/2

[Event "Indywidualne Mistrzostwa Polski Juniorow - C16"]
[Site "Szczyrk"]
[Date "2013-03-24"]
[Round "3.7"]
[White "Kucza, Karol"]
[Black "Eggink, Ryszard"]
[Result "0-1"]
[WhiteTitle "I+"]
[BlackTitle "I++"]
[WhiteElo "1886"]
[BlackElo "2080"]

1. e4 c5 2. Nf3 d6 3. d4 cxd4 4. Nxd4 Nf6 5. Nc3 a6 6. Be3 e5 7. Nb3 Be6 8. f3
h5 9. Qd2 Nbd7 10. Nd5 Bxd5 11. exd5 Rc8 12. c4 Be7 13. Bd3 e4 14. fxe4 Ne5 15.
Qe2 Nfg4 16. Bd4 Bh4+ 17. g3 Bf6 18. Rc1 Nxd3+ 19. Qxd3 h4 20. Qe2 Bxd4 21. Nxd4
Qg5 22. Rc3 hxg3 23. h4 Rxh4 24. Rxh4 Qxh4 25. Nf5 g2+ 26. Nxh4 g1=Q+ 27. Kd2
Kd7 28. Kc2 Ne5 29. Nf3 Nxf3 30. Qxf3 Qg6 31. Kb3 Re8 32. Re3 b6 33. Qe2 Qg5 34.
Rf3 f5 35. Qf2 fxe4 36. Rf7+ Re7 37. Rxe7+ Kxe7 38. Qxb6 Qg3+ 39. Ka4 e3 40. Qc7+
Kf6 41. c5 e2 42. Qd8+ Kf5 43. Qc8+ Ke4 0-1

[Event "Indywidualne Mistrzostwa Polski Juniorow - C16"]
[Site "Szczyrk"]
[Date "2013-03-24"]
[Round "3.8"]
[White "Tomaszewski, Kacper"]
[Black "Zadlo, Maciej"]
[Result "1-0"]
[WhiteTitle "I++"]
[BlackTitle "I"]
[WhiteElo "1961"]
[BlackElo "1821"]

1. d4 d5 2. c4 c6 3. Nc3 Nf6 4. e3 Bf5 5. cxd5 cxd5 6. Qb3 Qd7 7. Nf3 Nc6 8. Ne5
Qc7 9. Bb5 e6 10. Qa4 Rc8 11. Qxa7 Bd6 12. Nxc6 bxc6 13. Qxc7 Rxc7 14. Be2 Ke7
15. O-O Ra8 16. b3 Nd7 17. Bb2 Ba3 18. Bxa3+ Rxa3 19. Rfc1 Rca7 20. Na4 Kd6 21.
Kf1 Rb7 22. Ke1 Nb6 23. Nc3 Rba7 24. Kd2 e5 25. Bd3 Bxd3 26. Kxd3 f6 27. Rab1
Ra8 28. Rb2 R3a6 29. a4 Rb8 30. Kc2 Rb7 31. Ra1 Rb8 32. Rbb1 Ra7 33. Kd3 Na8 34.
Ra2 Nc7 35. b4 Rba8 36. Rab2 Rb8 37. a5 Nb5 38. Na4 e4+ 39. Ke2 Na3 40. Ra1 Nb5
41. Kd2 Ra6 42. Rb3 Ra7 43. Rc1 Ra6 44. Rc2 Ra7 45. Ra2 Ra6 46. Rb1 Ra7 47. Rb3
Ra6 48. Rc2 Ra7 49. Kc1 Ra6 50. Kb2 Ra7 51. Ka2 Ra6 52. Rb1 Ra7 53. Rbc1 Rc7 54.
Nb6 Rbb7 55. Kb3 Rb8 56. Rc5 Rbb7 57. Ka4 Ra7 58. Nxd5 Rc8 59. Nb6 Rcc7 60. d5
1-0

[Event "Indywidualne Mistrzostwa Polski Juniorow - C16"]
[Site "Szczyrk"]
[Date "2013-03-24"]
[Round "3.9"]
[White "Gierulski, Kamil"]
[Black "Niekras, Dawid"]
[Result "0-1"]
[WhiteTitle "I"]
[BlackTitle "I"]
[WhiteElo "1856"]
[BlackElo "1956"]

1. e4 e5 2. Nf3 Nc6 3. Bc4 Nf6 4. d3 Be7 5. Bb3 d6 6. c3 O-O 7. O-O Na5 8. Bc2
c5 9. Nbd2 Nc6 10. Re1 Qc7 11. Nf1 Be6 12. Qe2 Rad8 13. Ng3 Rfe8 14. h3 d5 15.
Ng5 Bc8 16. exd5 Nxd5 17. Qh5 Bxg5 18. Bxg5 f6 19. Bd2 Qf7 20. Qh4 Nce7 21. Qe4
Ng6 22. Rad1 f5 23. Qa4 f4 24. Ne4 Nh4 25. d4 b5 26. Qxb5 Qg6 27. Ng3 Qxc2 28.
Ne4 Ne3 0-1

[Event "Indywidualne Mistrzostwa Polski Juniorow - C16"]
[Site "Szczyrk"]
[Date "2013-03-24"]
[Round "3.10"]
[White "Filewicz, Przemyslaw"]
[Black "Kaczmarek, Aleksander"]
[Result "0-1"]
[WhiteTitle "I"]
[BlackTitle "k"]
[WhiteElo "1751"]
[BlackElo "2132"]

1. e4 c6 2. d4 d5 3. exd5 cxd5 4. Nf3 Nf6 5. Bd3 Bg4 6. c3 Nc6 7. O-O Qc7 8. h3
Bh5 9. Be3 e6 10. Nbd2 Bd6 11. Qc2 Bg6 12. a3 Rc8 13. Rac1 b5 14. Bxg6 hxg6 15.
Qd3 Qb7 16. Nb3 O-O 17. Nfd2 Nd7 18. f4 a5 19. Nc5 Bxc5 20. dxc5 a4 21. Bd4 Na5
22. Qe3 Qc7 23. h4 Nc4 24. Nxc4 bxc4 25. h5 gxh5 26. Qh3 Nxc5 27. Qxh5 f6 28.
Rce1 Ne4 29. Rf3 Qf7 30. Qh4 Qg6 31. Qh3 Rce8 32. Qh2 Qg4 33. Rh3 Rb8 34. Rh4
Qg3 35. Rh8+ Kf7 36. Rxf8+ Rxf8 37. Qh5+ Qg6 38. Qd1 Rh8 39. Re3 Rh1+ 0-1

[Event "Indywidualne Mistrzostwa Polski Juniorow - C16"]
[Site "Szczyrk"]
[Date "2013-03-24"]
[Round "3.11"]
[White "Ulanowski, Karol"]
[Black "Kowalski, Maciej"]
[Result "0-1"]
[WhiteTitle "I++"]
[BlackTitle "I"]
[WhiteElo "2118"]
[BlackElo "1877"]

1. e4 e5 2. Nf3 Nc6 3. d4 exd4 4. Nxd4 Nf6 5. Nxc6 bxc6 6. e5 Qe7 7. Qe2 Nd5 8.
c4 Ba6 9. Nd2 O-O-O 10. b3 g5 11. Bb2 Bg7 12. O-O-O Rhe8 13. Re1 Nb6 14. g3 d6
15. f4 Nd7 16. Bh3 gxf4 17. gxf4 Kb8 18. Rhg1 Bh6 19. Qf2 dxe5 20. Bxd7 Qxd7 21.
Bxe5 Qf5 22. Qc5 Qd3 23. Rd1 Bb7 24. Rg3 Qe2 25. Re3 Qxh2 26. Qa5 Re7 27. Rde1
Red7 28. Nf3 Qg3 29. Nd4 Bxf4 30. Kb2 Qg5 31. Qb4 Bxe3 32. Nxc6+ Ka8 33. Nxd8
Rxd8 34. Bxc7 Bd4+ 35. Ka3 Bc5 0-1

[Event "Indywidualne Mistrzostwa Polski Juniorow - C16"]
[Site "Szczyrk"]
[Date "2013-03-24"]
[Round "3.12"]
[White "Snihur, Piotr"]
[Black "Madrawski, Krzysztof"]
[Result "1-0"]
[WhiteTitle "I++"]
[BlackTitle "II+"]
[WhiteElo "2085"]
[BlackElo "1711"]

1. e4 e6 2. Nc3 d5 3. Nf3 Nf6 4. e5 Nfd7 5. d4 c5 6. dxc5 Nc6 7. Bf4 Bxc5 8. Bd3
f6 9. exf6 Nxf6 10. O-O O-O 11. Bg3 a6 12. Qd2 Bd7 13. Rae1 Qe7 14. Qg5 Bd6 15.
Ne5 Rae8 16. Qh4 Bc8 17. f4 Qc7 18. Nd1 Nd4 19. c3 Nf5 20. Qh3 Bc5+ 21. Kh1 b5
22. Bf2 g6 23. Ne3 Bb7 24. Nc2 Bxf2 25. Rxf2 Ne4 26. Bxe4 dxe4 27. Rd2 Rd8 28.
Nd4 Bd5 29. Qg4 Qg7 30. a3 Rc8 31. Nc2 a5 32. Qe2 Qh6 33. Qg4 Ng7 34. Rf1 Nh5
35. Rdf2 Ng7 36. Qe2 Nf5 37. Kg1 Nd6 38. Ne3 Bb3 39. Nc2 Bd5 40. Ne3 Bb3 41. Qg4
Nf5 42. Re1 Rfd8 43. Nf1 Bd5 44. Rfe2 Qg7 45. Nd2 Nd6 46. Qg5 Rf8 47. Ng4 Rc7
48. Qe5 Rd7 49. Nf2 Rf5 50. Qxg7+ Kxg7 51. Nfxe4 Nxe4 52. Nxe4 Rxf4 53. Nc5 Rdf7
54. Nxe6+ Bxe6 55. Rxe6 Rf2 56. R6e2 Rxe2 57. Rxe2 Rd7 58. Kf2 Kf6 59. Kf3 Rd5
60. Ke4 Re5+ 61. Kd3 Rd5+ 62. Kc2 Kf5 63. b3 Rc5 64. Re7 h5 65. Kd3 Rd5+ 66. Ke3
a4 67. b4 g5 68. Rc7 Ke5 69. c4 bxc4 70. Rxc4 Rb5 71. Rc6 Kf5 72. Rc5+ Rxc5 73.
bxc5 Ke5 74. c6 Kd6 75. Kd4 Kxc6 76. Kc4 Kd6 77. Kb4 Ke5 78. Kxa4 Kf4 79. Kb5
Ke3 80. a4 Kf2 81. g3 Kg2 82. a5 Kxh2 83. a6 Kxg3 84. a7 h4 85. a8=Q g4 86. Qh1
h3 87. Kc4 h2 88. Kd3 Kh3 89. Ke3 Kg3 90. Ke4 Kh3 91. Kf4 g3 92. Kf3 1-0

[Event "Indywidualne Mistrzostwa Polski Juniorow - C16"]
[Site "Szczyrk"]
[Date "2013-03-24"]
[Round "3.13"]
[White "Czajkowski, Adam"]
[Black "Mazur, Bartlomiej"]
[Result "1-0"]
[WhiteTitle "I+"]
[BlackTitle "I"]
[WhiteElo "1923"]
[BlackElo "1674"]

1. e4 d6 2. d4 Nf6 3. Nc3 c6 4. Nge2 Nbd7 5. h3 e5 6. g4 h6 7. Bg2 Be7 8. O-O Nb6
9. f4 exd4 10. Nxd4 Be6 11. Nf5 Bxf5 12. gxf5 Qc7 13. Qe2 O-O-O 14. a4 Nbd7 15.
Be3 a6 16. Qf2 Rhg8 17. b4 a5 18. Rfb1 g6 19. b5 c5 20. b6 Qb8 21. Nb5 Rde8 22.
e5 dxe5 23. fxe5 Nxe5 24. Rd1 Nfd7 25. f6 Bf8 26. Rxd7 Nxd7 27. Bf4 Re5 28. Bxe5
Nxe5 29. Rd1 Nc6 30. h4 g5 31. Qf5# 1-0

[Event "Indywidualne Mistrzostwa Polski Juniorow - C16"]
[Site "Szczyrk"]
[Date "2013-03-24"]
[Round "3.14"]
[White "Kruszynski, Krzysztof"]
[Black "Smal, Tobiasz"]
[Result "1/2-1/2"]
[WhiteTitle "II"]
[BlackTitle "I"]
[WhiteElo "1664"]
[BlackElo "1915"]

1. e4 c5 2. Nf3 d6 3. d4 cxd4 4. Nxd4 Nf6 5. Nc3 a6 6. Be3 e5 7. Nb3 Be7 8. Bc4
Be6 9. Nd5 Nbd7 10. Qf3 Rc8 11. Bd3 O-O 12. O-O Bxd5 13. exd5 Re8 14. Nd2 g6 15.
c4 Nc5 16. Bxc5 Rxc5 17. b3 Nd7 18. g4 Rc8 19. Ne4 Rf8 20. Qg3 Kh8 21. g5 Nc5
22. Nxc5 Rxc5 23. h4 f6 24. f4 Rc8 25. fxe5 fxe5 26. Qg4 Qb6+ 27. Kg2 Qe3 28.
Be4 b5 29. Rxf8+ Rxf8 30. Rf1 Qd2+ 31. Kg1 Qd4+ 32. Kg2 Qb2+ 33. Kg1 Rxf1+ 34.
Kxf1 Qxa2 35. Kg1 Qxb3 36. Qd7 Qe3+ 37. Kh2 Qf2+ 38. Kh3 Bf8 39. Qc8 Qf1+ 40.
Kh2 bxc4 41. h5 Qf4+ 42. Kh3 gxh5 43. Bf5 Qe3+ 44. Kh2 Qd2+ 45. Kh3 Qe3+ 46. Kh2
Qe2+ 47. Kh3 Qf1+ 48. Kh2 Qf4+ 49. Kh3 1/2-1/2

[Event "Indywidualne Mistrzostwa Polski Juniorow - C16"]
[Site "Szczyrk"]
[Date "2013-03-24"]
[Round "3.15"]
[White "Krawiecki, Stanislaw"]
[Black "Mirski, Michal"]
[Result "0-1"]
[WhiteTitle "II"]
[BlackTitle "I"]
[WhiteElo "1632"]
[BlackElo "1895"]

1. e4 c5 2. Nf3 e6 3. d4 cxd4 4. Nxd4 Nc6 5. Nc3 Qc7 6. Be2 a6 7. Be3 Nf6 8. O-O
Be7 9. f4 d6 10. f5 e5 11. Nb3 b5 12. a3 Bb7 13. Bf3 Rc8 14. g4 h6 15. h4 b4 16.
axb4 Nxb4 17. g5 hxg5 18. hxg5 Nh7 19. Qd2 Qd8 20. Na5 Ba8 21. g6 fxg6 22. fxg6
Nf6 23. Kg2 Nxe4 24. Qe2 Nxc3 25. bxc3 Nd5 26. Qd2 Nxe3+ 27. Qxe3 Bg5 28. Qd3
Bf4 29. Qf5 Rh2+ 30. Kg1 Qb6+ 31. Rf2 Qxf2# 0-1

[Event "Indywidualne Mistrzostwa Polski Juniorow - C16"]
[Site "Szczyrk"]
[Date "2013-03-24"]
[Round "3.16"]
[White "Lizak, Jakub"]
[Black "Choina, Adam"]
[Result "1-0"]
[WhiteTitle "I"]
[BlackTitle "II"]
[WhiteElo "1893"]
[BlackElo "1552"]

1. e4 c6 2. d4 d5 3. Nc3 dxe4 4. Nxe4 Bf5 5. Ng3 Bg6 6. Nh3 Nf6 7. Nf4 e6 8. h4
Bd6 9. h5 Be4 10. Nxe4 Nxe4 11. Bd3 Bxf4 12. Bxf4 Qxd4 13. O-O Nc5 14. Be3 Qd5
15. Be2 Qxd1 16. Rfxd1 Nbd7 17. Bf3 Na6 18. c3 Nc7 19. c4 a6 20. b4 O-O-O 21.
Rdc1 Ne5 22. Be2 Nd3 23. Rcb1 b5 24. cxb5 axb5 25. Rb3 Ne5 26. a4 Rd5 27. axb5
cxb5 28. Rc3 Kb8 29. Ra7 Rd7 30. f4 Nd5 31. Rca3 Nxe3 32. Ra8+ Kb7 33. Rxh8 N5c4
34. Bxc4 Nxc4 35. Rg3 g6 36. h6 f5 37. Rg8 Nb6 38. Re3 Nd5 39. Rxe6 Nxb4 40. Rg7
Kc7 41. Rxd7+ Kxd7 42. Rxg6 Nd5 43. Rg7+ Ke8 44. Rxh7 Kf8 45. Rd7 Nxf4 46. Rd8+
1-0

[Event "Indywidualne Mistrzostwa Polski Juniorow - C16"]
[Site "Szczyrk"]
[Date "2013-03-24"]
[Round "3.17"]
[White "Sliwicki, Damian"]
[Black "Gladysz, Jakub"]
[Result "1-0"]
[WhiteTitle "I"]
[BlackTitle "II+"]
[WhiteElo "2028"]
[BlackElo "1798"]

1. e4 c5 2. Nf3 e6 3. d4 cxd4 4. Nxd4 Nc6 5. Nc3 Qc7 6. g3 a6 7. Bg2 d6 8. O-O
Nf6 9. Re1 Nd7 10. Bg5 h6 11. Nxe6 Qa5 12. Nd5 hxg5 13. Nec7+ Kd8 14. Nxa8 Nde5
15. c3 Bg4 16. Qc2 Qc5 17. Qd2 f6 18. Nab6 Ne7 19. Qe3 Qc6 20. Nxe7 Bxe7 21. Nd5
Bh3 22. Qb6+ Qxb6 23. Nxb6 g4 24. Nd5 g6 25. Nf4 Kd7 26. Bxh3 gxh3 27. Re3 g5
28. Nd3 Ng4 29. Re2 Bd8 30. Rd1 Bb6 31. e5 Re8 32. Re4 Nxe5 33. Nxe5+ fxe5 34.
Kf1 Rf8 35. Rd2 Kc6 36. Rc4+ Kd7 37. Rb4 Kc7 38. Rxb6 Kxb6 39. Rxd6+ Kc5 40. Rg6
Kc4 41. Rxg5 e4 42. Ke2 Rf6 43. Re5 b5 44. Rxe4+ Kd5 45. Rd4+ Ke5 46. f4+ Ke6
47. Kf3 Rf8 48. g4 a5 49. g5 Rc8 50. Kg4 b4 51. cxb4 axb4 52. Rxb4 Rc2 53. Kxh3
Kf5 54. Kg3 Rc5 55. a4 Rc1 56. Rb5+ Ke4 57. Re5+ Kd4 58. Re8 Rb1 59. Kg4 Kc4 60.
g6 Kb3 61. a5 Ka2 62. a6 Rg1+ 63. Kf5 Ra1 64. a7 Kb1 65. Re1+ Kxb2 66. Rxa1 Kxa1
67. a8=Q+ Kb2 68. Qc6 Ka1 69. Qb7 Ka2 70. g7 Ka1 71. h3 Ka2 72. g8=Q+ Ka1 73.
Qga8# 1-0

[Event "Indywidualne Mistrzostwa Polski Juniorow - C16"]
[Site "Szczyrk"]
[Date "2013-03-24"]
[Round "3.18"]
[White "Wisniewski, Szymon"]
[Black "Czerw, Dawid"]
[Result "0-1"]
[WhiteTitle "II+"]
[BlackTitle "I+"]
[WhiteElo "1731"]
[BlackElo "1947"]

1. e4 e6 2. d4 d5 3. e5 c5 4. c3 Nc6 5. Nf3 Bd7 6. a3 f6 7. exf6 Nxf6 8. Be3 cxd4
9. Nxd4 e5 10. Nf3 Bd6 11. Bb5 O-O 12. O-O a6 13. Ba4 Bg4 14. h3 Bh5 15. Bg5 Bc7
16. Bb3 Ne7 17. g4 Bf7 18. Re1 e4 19. Nd4 Qd6 20. f4 exf3 21. Qxf3 Ne4 22. Rxe4
dxe4 23. Bxf7+ Rxf7 24. Qg2 Raf8 25. Nd2 Rf2 26. Qxf2 Rxf2 27. Kxf2 Qg3+ 28. Ke2
Qg2+ 29. Ke1 0-1

[Event "Indywidualne Mistrzostwa Polski Juniorow - C16"]
[Site "Szczyrk"]
[Date "2013-03-24"]
[Round "3.19"]
[White "Smieszek, Wojciech"]
[Black "Klimek, Piotr"]
[Result "1-0"]
[WhiteTitle "I"]
[BlackTitle "I"]
[WhiteElo "1873"]
[BlackElo "1789"]

1. e4 e6 2. d4 d5 3. Nc3 Bb4 4. a3 Bxc3+ 5. bxc3 dxe4 6. Qg4 Nf6 7. Qxg7 Rg8 8.
Qh6 Rg6 9. Qe3 Nc6 10. Ne2 Bd7 11. Nf4 Rg8 12. c4 Ne7 13. Bb2 Ng6 14. Nxg6 Rxg6
15. h3 Ba4 16. O-O-O Qe7 17. d5 b6 18. g4 exd5 19. g5 Nd7 20. cxd5 Qxg5 21. Qxg5
Rxg5 22. Rd4 Nc5 23. Rxa4 Nxa4 24. Bb5+ Ke7 25. Bxa4 Rag8 26. Bc6 Kd6 27. Kd2
Rf5 28. Bd4 Rf3 29. Be3 f5 30. c3 f4 31. Bd4 e3+ 32. fxe3 Rg2+ 33. Kd3 fxe3 34.
Bxe3 Rgg3 35. Re1 Rxh3 36. Ke4 Rf7 37. Kd4 Rff3 38. a4 h5 39. Ke4 Rf7 40. Bg5
Kc5 41. Be8 Rg7 42. Rg1 Rxc3 43. Bxh5 Rc4+ 44. Ke5 Rxg5+ 45. Rxg5 Kb4 46. Be8
a6 47. Rg1 Rc3 48. Re1 Rc5 49. Bc6 b5 50. axb5 axb5 51. Rb1+ Ka5 52. Ke6 Ka6 53.
Kd7 Kb6 54. Rxb5+ 1-0

[Event "Indywidualne Mistrzostwa Polski Juniorow - C16"]
[Site "Szczyrk"]
[Date "2013-03-24"]
[Round "3.20"]
[White "Nun, Grzegorz"]
[Black "Mrozowski, Patryk"]
[Result "1/2-1/2"]
[WhiteTitle "II+"]
[BlackTitle "I"]
[WhiteElo "1851"]
[BlackElo "1723"]

1. e4 c5 2. Nf3 e6 3. d3 Nc6 4. g3 d6 5. Bg2 g6 6. O-O Bg7 7. c3 e5 8. Na3 Nf6
9. Nc4 O-O 10. Ne3 Ng4 11. Nd5 Be6 12. Ng5 Bd7 13. f4 f5 14. Qb3 Kh8 15. Qxb7
h6 16. Nf3 Rb8 17. Qc7 Qxc7 18. Nxc7 exf4 19. gxf4 Na5 20. Nh4 Kh7 21. exf5 gxf5
22. Nd5 Nf6 23. Ne7 Ng8 24. Nxg8 Kxg8 25. Bd5+ Kh7 26. Kf2 Bf6 27. Nf3 Rfe8 28.
Re1 Bb5 29. Rxe8 Rxe8 30. c4 Bd7 31. Rb1 Nc6 32. Bd2 Rb8 33. b3 Nd4 34. Nxd4 Bxd4+
35. Be3 Bxe3+ 36. Kxe3 Re8+ 37. Kf2 a5 38. Re1 Rxe1 39. Kxe1 Kg6 40. Kf2 Be8 41.
Bf3 Kf6 42. Ke3 Ke6 43. d4 Kd7 44. d5 Kc7 45. a4 Kd7 46. Kf2 Ke7 47. Kg3 Kf6 48.
Kh4 Kg7 49. Be2 Kf6 1/2-1/2

[Event "Indywidualne Mistrzostwa Polski Juniorow - C16"]
[Site "Szczyrk"]
[Date "2013-03-24"]
[Round "3.21"]
[White "Rosicki, Marcin"]
[Black "Buraczewski, Rafal"]
[Result "0-1"]
[WhiteTitle "I"]
[BlackTitle "I"]
[WhiteElo "1722"]
[BlackElo "1825"]

1. e4 e6 2. d4 d5 3. e5 c5 4. c3 Nc6 5. Nf3 Bd7 6. a3 f6 7. b4 fxe5 8. Bg5 Qc7
9. b5 Nxd4 10. cxd4 exd4 11. Bd3 Bd6 12. Qc2 Nf6 13. O-O O-O-O 14. Rc1 e5 15.
Nbd2 Kb8 16. a4 e4 17. Bxf6 gxf6 18. Bxe4 dxe4 19. Qxe4 Rde8 20. Qd5 Be6 21. Qh5
Qf7 22. Qxf7 Bxf7 23. Re1 Kc7 24. Ne4 Re6 25. Nfd2 Rhe8 26. Kf1 Bf4 27. g3 Bxd2
28. Nxd2 Bg6 29. Rxe6 Rxe6 30. Nb3 Kd6 31. Rc1 b6 32. a5 Kd5 33. axb6 axb6 34.
Rd1 Kc4 0-1

[Event "Indywidualne Mistrzostwa Polski Juniorow - C16"]
[Site "Szczyrk"]
[Date "2013-03-24"]
[Round "3.22"]
[White "Fronczak, Sebastian"]
[Black "Pawlowski, Maciej"]
[Result "1/2-1/2"]
[WhiteTitle "II+"]
[BlackTitle "I"]
[WhiteElo "1825"]
[BlackElo "1716"]

1. e4 c5 2. Nf3 Nc6 3. d4 cxd4 4. Nxd4 Qc7 5. Nc3 e6 6. Be2 a6 7. O-O Nf6 8. Be3
Bb4 9. Na4 O-O 10. Nxc6 bxc6 11. Nb6 Rb8 12. Nxc8 Rfxc8 13. Bxa6 Rf8 14. Bd3 Bd6
15. f4 e5 16. f5 Rxb2 17. g4 Qa5 18. g5 Bc5 19. Bxc5 Qxc5+ 20. Kh1 Ne8 21. Qg4
f6 22. Rg1 fxg5 23. Qxg5 Rf7 24. a4 Qa5 25. Bc4 d5 26. Bb3 Nf6 27. Rae1 Qc3 28.
exd5 cxd5 29. Bxd5 Nxd5 30. Qd8+ Rf8 31. Rxg7+ Kxg7 32. Rg1+ Kf7 33. Qxd5+ Ke8
34. Qe6+ Kd8 35. Qd6+ Ke8 36. Qe6+ Kd8 37. Qd6+ Ke8 38. Qe6+ Kd8 39. Qd6+ Ke8
40. Qe6+ Kd8 1/2-1/2

[Event "Indywidualne Mistrzostwa Polski Juniorow - C16"]
[Site "Szczyrk"]
[Date "2013-03-24"]
[Round "3.23"]
[White "Drop, Szymon"]
[Black "Szeglowski, Tomasz"]
[Result "1-0"]
[WhiteTitle "I"]
[BlackTitle "I"]
[WhiteElo "1818"]
[BlackElo "1801"]

1. e4 c5 2. Nf3 Nc6 3. d4 cxd4 4. Nxd4 g6 5. Nc3 Bg7 6. Nb3 Nf6 7. Be2 O-O 8. O-O
b6 9. Bg5 Bb7 10. f4 d6 11. Bf3 Nd7 12. Kh1 Nc5 13. Nxc5 dxc5 14. e5 f6 15. exf6
exf6 16. Bh4 Rb8 17. Bd5+ Kh8 18. f5 Nd4 19. Bxb7 Rxb7 20. fxg6 hxg6 21. Ne4 Nf5
22. Qg4 Qe8 23. Bg3 Nh6 24. Qf3 Re7 25. Rae1 Nf5 26. Bf4 Re6 27. Nd6 Qd7 28. Nxf5
Rxe1 29. Qh3+ Kg8 30. Rxe1 Qxf5 31. Qxf5 gxf5 32. Re7 Rd8 33. g3 Ra8 34. Rb7 Re8
35. Rb8 Kf7 36. Rxe8 Kxe8 37. h4 a6 38. c4 Bf8 39. a4 Kd7 40. Kg2 Kc6 41. h5 b5
42. axb5+ axb5 43. b3 bxc4 44. bxc4 Kb6 45. Kf3 Kc6 46. g4 fxg4+ 47. Kxg4 Kd7
48. Kf5 Ke7 49. Kg6 Ke6 50. Bg3 f5 51. Bf4 Be7 52. h6 Bf6 53. h7 Bd4 54. Bh6 1-0

[Event "Indywidualne Mistrzostwa Polski Juniorow - C16"]
[Site "Szczyrk"]
[Date "2013-03-24"]
[Round "3.24"]
[White "Molenda, Marcin"]
[Black "Kindler, Przemyslaw"]
[Result "1-0"]
[WhiteTitle "I"]
[BlackTitle "I"]
[WhiteElo "1813"]
[BlackElo "1817"]

1. e4 c5 2. c3 g6 3. Nf3 Bg7 4. d4 cxd4 5. cxd4 d5 6. exd5 Qxd5 7. Nc3 Qd8 8. Be2
Nh6 9. O-O O-O 10. Be3 b6 11. Ne5 Bb7 12. Bf3 Bxf3 13. Qxf3 Nd7 14. Nc6 Qe8 15.
Nd5 Kh8 16. Nc7 Qc8 17. Nxa8 Qxa8 18. Nxe7 Qd8 19. Nc6 Qc7 20. Rac1 Qd6 21. Bf4
Qe6 22. d5 Qf6 23. Bxh6 Bxh6 24. Qxf6+ Nxf6 25. Rcd1 a6 26. Rfe1 Rc8 27. Ne5 Kg7
28. d6 Rd8 29. g3 Nd7 30. Nxd7 Rxd7 31. Re7 Rd8 32. d7 Kf8 33. Rde1 Kg7 34. Rd1
Kf8 35. Re4 Bg5 36. Ra4 a5 37. Rc4 Ke7 38. Rc6 Rxd7 39. Rxd7+ Kxd7 40. Rxb6 Bd2
41. Rb7+ Ke6 42. Kf1 h5 43. Rb5 f5 44. Ke2 Bc1 45. Kd1 Bh6 46. Rxa5 Kf6 47. h4
f4 48. Ke2 fxg3 49. fxg3 Bc1 50. Rb5 Ke6 51. a4 Kd6 52. a5 Kc6 53. Rb3 Bh6 54.
a6 1-0